[Event "1st Open"]
[Site "Condom FRA"]
[Date "2002.07.14"]
[Round "3"]
[White "Larand,M"]
[Black "Szitas,G"]
[Result "1/2-1/2"]
[WhiteElo "2073"]
[BlackElo "2207"]

1.c4 e6 2.Nf3 d5 3.g3 c6 4.Bg2 Nf6 5.b3 Be7 6.O-O O-O 7.Bb2 Nbd7 8.d3 Re8
9.Nc3 e5 10.cxd5 cxd5 11.Rc1 a6 12.e3 h6 13.h3 Bf8 14.a3 b5 15.b4 Rb8 16.Qb3 Nb6
17.d4 e4 18.Ne5 Bb7 19.a4 Nc4 20.Rfd1 Nd7 21.axb5 axb5 22.Nxb5 Ndxe5 23.dxe5 Ba6
24.Nd6 Nxb2 25.Qxb2 Bxd6 26.exd6 Qxd6 27.Rd4 Bd3 28.Bf1 Bxf1 29.Rxf1 Rb5
30.Qd2 Qe6 31.Kh2 Reb8 32.Rc1 Qf6 33.Rc5 Rxc5 34.bxc5 Qf3 35.Rb4 Ra8 36.Rb1 Kh7
37.Kg1 Qf5 38.Rd1 Rd8 39.Kh2 h5 40.c6 h4 41.Rc1 hxg3+ 42.fxg3 Rd6 43.c7 Qc8
44.h4 Rb6 45.Rc2 Rd6 46.Qb4 Re6 47.Qb8 Re8 48.Qb5 Re5 49.Qb8 Re8 50.Qb5  1/2-1/2

[Event "Mercosur Cup"]
[Site "Vicente Lopez ARG"]
[Date "2002.07.24"]
[Round "7"]
[White "Panno,O"]
[Black "Slipak,S"]
[Result "1/2-1/2"]
[WhiteElo "2481"]
[BlackElo "2498"]

1.c4 e6 2.Nf3 d5 3.b3 Nf6 4.g3 Be7 5.Bg2 O-O 6.O-O b6 7.Bb2 Bb7 8.e3 dxc4
9.bxc4 Nc6 10.Qe2 Nb4 11.d4 Be4 12.Ne5 Bxg2 13.Kxg2 c5 14.a3 Na6 15.Rd1 cxd4
16.exd4 Qc7 17.Nc3 Qb7+ 18.f3 Rac8 19.Rac1  1/2-1/2

[Event "ch-TUR"]
[Site "Ankara TUR"]
[Date "2002.07.25"]
[Round "2"]
[White "Arduman,C"]
[Black "Asilkefeli,M"]
[Result "1-0"]
[WhiteElo "2358"]
[BlackElo "2125"]

1.c4 e6 2.Nf3 d5 3.d4 c6 4.Qc2 Nd7 5.g3 Ngf6 6.Bg2 Bb4+ 7.Bd2 Be7 8.O-O Ne4
9.Bf4 g5 10.Bc1 f5 11.b3 Bf6 12.Bb2 h5 13.Ne5 Bxe5 14.dxe5 h4 15.g4 Qe7 16.cxd5 cxd5
17.gxf5 exf5 18.Nc3 Nb6 19.Nb5 Kf7 20.Nd6+ Kg6 21.Rac1 Rd8 22.a4 Be6 23.a5 Nc8
24.Nb5 g4 25.Ba3 Qf7 26.Nc7 Ne7 27.Nxa8 Rxa8 28.Qc7 Nc6 29.Qxf7+ Bxf7 30.a6 Nd4
31.Rfe1 bxa6 32.Bb2 Nxb3 33.Rc6+ Kg5 34.f3 gxf3 35.exf3 Nec5 36.e6 Be8 37.Rc7 Nd3
38.Re3 Nbc5 39.Bd4 f4 40.Re2 Nc1 41.Re5+ Kf6 42.Rxc5 Nb3 43.Rexd5+ Kxe6 44.Bh3+  1-0

[Event "Macedonian Open"]
[Site "Struga MKD"]
[Date "2002.07.25"]
[Round "6"]
[White "Simovski,G"]
[Black "Hristovski,S"]
[Result "1-0"]
[WhiteElo "2235"]
[BlackElo "2167"]

1.c4 e6 2.Nf3 d5 3.g3 Nf6 4.Bg2 c6 5.b3 Be7 6.O-O O-O 7.Bb2 b6 8.Ne5 Bb7
9.cxd5 cxd5 10.Nc3 Nbd7 11.d4 Nxe5 12.dxe5 Nd7 13.Nb5 Nc5 14.Rc1 a6 15.Nd4 b5
16.a3 Qd7 17.Bh3 a5 18.Qd2 Ne4 19.Qe3 g6 20.Rfd1 Nc5 21.Rc2 Rfc8 22.Rdc1 Ne4
23.f3 Bg5 24.Rxc8+ Bxc8 25.f4 Be7 26.Bg2 Bb7 27.Qd3 Bc5 28.e3 b4 29.a4 Ba6
30.Nb5 Bxb5 31.axb5 Qa7 32.Bd4 Bxd4 33.exd4 Nc3 34.Bf1 Rb8 35.g4 Nxb5 36.Rc5 Nc3
37.f5 Ne4 38.Rc6 Qd7 39.Qc2 exf5 40.Rc7 Qd8 41.e6 Nc3 42.exf7+ Kf8 43.Qd2 Qxc7
44.Qh6+ Ke7 45.gxf5 Rf8 46.Qh4+ Kd6 47.Qf6+ Kd7 48.fxg6 Ne2+ 49.Bxe2 Qc1+
50.Kg2 Qh6 51.Bb5+ Kc7 52.Qe7+ Kb6 53.Qc5+ Kb7 54.Bc6+ Kc7 55.Bxd5+ Kd7 56.Qc6+ Ke7
57.Qe6+ Kd8 58.Qf6+ Kd7 59.Qc6+ Ke7 60.Qe6+ Kd8 61.Qd6+ Kc8 62.Be6+ Kb7 63.Qd5+ Kc7
64.Qxa5+ Kd6 65.Qe5+ Kc6 66.Qc5+ Kb7 67.Bd5+ Ka6 68.Qc6+ Ka5 69.Qc7+ Ka6
70.Bb7+  1-0

[Event "Lost Boys Open"]
[Site "Amsterdam NED"]
[Date "2002.07.26"]
[Round "1"]
[White "Gurevich,M"]
[Black "Konings,L"]
[Result "1-0"]
[WhiteElo "2649"]
[BlackElo "2318"]

1.c4 e6 2.Nf3 d5 3.d4 c5 4.cxd5 exd5 5.g3 Nc6 6.Bg2 Nf6 7.O-O Be7 8.Nc3 O-O
9.Bg5 cxd4 10.Nxd4 Re8 11.Qa4 Bd7 12.Rad1 h6 13.Be3 Nb4 14.Qb3 a5 15.a4 Bf8
16.Nc2 Qc8 17.Bd4 Ne4 18.Ne3 Nc5 19.Bxc5 Bxc5 20.Nexd5 Bh3 21.Rd2 Ra6 22.Bxh3 Qxh3
23.Nf4 Qg4 24.Qd1 Qc8 25.e3 Rc6 26.Nb5 Qb8 27.Rd7 Qc8 28.Rd2 Rf8 29.Qh5 Rd8
30.Rxd8+ Qxd8 31.Rd1 Qe8 32.Nc3 b6 33.Ncd5 Nxd5 34.Nxd5 Bf8 35.Qe2 Qe4 36.Nc3 Qb4
37.Rd8 g6 38.Kg2 Kg7 39.Rd7 Qc4 40.Qf3 Rf6 41.Qd5 Qxd5+ 42.Nxd5 Rc6 43.Rc7 Rd6
44.e4 Re6 45.f3 Bc5 46.Kf1 h5 47.Ke2 g5 48.Kd3 h4 49.gxh4 gxh4 50.h3 Rg6
51.e5 Rg1 52.Ke4 Rd1 53.Rd7 Re1+ 54.Kf5 Bd4 55.f4 Bxb2 56.Nxb6 Kf8  1-0

[Event "ch-IRI"]
[Site "Tehran IRI"]
[Date "2002.07.28"]
[Round "1"]
[White "Ghorbani,M"]
[Black "Nasri,A"]
[Result "0-1"]
[WhiteElo "2328"]
[BlackElo "2254"]

1.c4 e6 2.Nf3 d5 3.g3 Nf6 4.Bg2 Be7 5.O-O O-O 6.d4 dxc4 7.Qc2 a6 8.a4 Bd7
9.Qxc4 Bc6 10.Bg5 a5 11.Nc3 Na6 12.Bxf6 Bxf6 13.e4 Nb4 14.h4 Qd7 15.Rfd1 Rfd8
16.Rd2 b6 17.Qb3 Qe8 18.Re1 Qf8 19.Qd1 Bb7 20.d5 exd5 21.e5 Be7 22.Nd4 g6
23.h5 Rab8 24.hxg6 hxg6 25.e6 f6 26.Nde2 c6 27.Nf4 Qh6 28.Rd4 f5 29.Qe2 Ba6
30.Qd1 Rb7 31.g4 Bd6 32.Nh3 Rg7 33.Ne2 c5 34.g5 Qh7 35.Rd2 d4 36.Nef4 Re7
37.Qf3 Kg7 38.Qd1 Kg8 39.Qf3 Kg7 40.Qd1 Bc7 41.Qf3 Rh8 42.Qg3 Qh4 43.b3 Bb8
44.Bf3 Qxh3 45.Qxh3 Bxf4 46.Qg2 Bxd2 47.Qg3 f4 48.Qg4 Bxe1 49.Qxf4 Bxf2+
50.Kg2 Rf8 51.Qe5+ Kg8 52.Qd6 Rfe8 53.Kxf2 Rxe6 54.Qd7 Nd3+ 55.Kg3 Ne5 56.Qd5 Nxf3
57.Kxf3 d3 58.Kf4 d2 59.Kg3 Bb7  0-1

[Event "Valoz Cup"]
[Site "Olomouc CZE"]
[Date "2002.07.31"]
[Round "1"]
[White "Gunnarsson,Arn"]
[Black "Starostits,I"]
[Result "1-0"]
[WhiteElo "2282"]
[BlackElo "2442"]

1.c4 e6 2.Nf3 d5 3.e3 Nf6 4.b3 Be7 5.Bb2 O-O 6.Nc3 c6 7.Qc2 Nbd7 8.d4 Bd6
9.Bd3 Qe7 10.e4 dxe4 11.Nxe4 Nxe4 12.Bxe4 f5 13.Bd3 Bb4+ 14.Kf1 b6 15.a3 Bd6
16.b4 c5 17.bxc5 bxc5 18.Re1 cxd4 19.Nxd4 Bb7 20.Nxe6 Rae8 21.Bc3 Qh4 22.f3 Nc5
23.Nxg7 Rxe1+ 24.Bxe1 Qd4 25.Nxf5 Qxd3+ 26.Qxd3 Nxd3 27.Nxd6 Ba6 28.Bg3 Nb2
29.Kf2 Nxc4 30.Ne4 Bb7 31.Nc5 Bc6 32.a4 Rd8 33.Rc1 Nb2 34.Be5 Rd2+ 35.Kg3 Nxa4
36.Nb3 Rd5 37.Rxc6 Rxe5 38.Ra6 Nc3 39.Rxa7 Ne2+ 40.Kg4 h6 41.h4 h5+ 42.Kh3 Rb5
43.Nd2 Rb2 44.Nc4 Rb1 45.Kh2 Rb4 46.Rc7 Nd4 47.Ne3 Ne6 48.Re7 Nf8 49.Nf5 Kh8
50.Kg3 Ng6 51.Re4 Rb5 52.Nd6 Ra5 53.Rb4 Rd5 54.Ne4 Kg7 55.Rb7+ Kf8 56.Rh7 Rf5
57.Ng5 Nf4 58.Rc7 Kg8 59.Ne4 Ne6 60.Rc6 Re5 61.Ng5 Nd4 62.Rg6+ Kf8 63.Kf4 Re2
64.g4 hxg4 65.fxg4 Rh2 66.h5 Ne2+ 67.Ke5 Rh4  1-0

[Event "Ladies"]
[Site "Stockholm SWE"]
[Date "2002.08.03"]
[Round "1"]
[White "Reizniece,D"]
[Black "De Blecourt,S"]
[Result "1-0"]
[WhiteElo "2306"]
[BlackElo "2082"]

1.c4 e6 2.Nf3 d5 3.b3 Nf6 4.g3 Be7 5.Bg2 O-O 6.O-O b6 7.Bb2 Bb7 8.e3 Nbd7
9.Nc3 c5 10.Qe2 Ne4 11.d3 Nxc3 12.Bxc3 Bf6 13.Bxf6 Qxf6 14.e4 dxe4 15.dxe4 e5
16.Rad1 Rad8 17.Nh4 g6 18.f4 exf4 19.e5 f3 20.Bxf3 Bxf3 21.Nxf3 Qe7 22.Rfe1 Rfe8
23.Rd5 Nf8 24.Qd2 Ne6 25.Rd1 Nd4 26.Nxd4 Rxd5 27.cxd5 cxd4 28.d6 Qxe5 29.d7 Rf8
30.Qf2 Qc5 31.Rxd4 Qc1+ 32.Kg2 Qc6+ 33.Kh3 Qe6+ 34.g4 Rd8 35.Qd2 h5 36.Kg3 hxg4
37.Qc3 Qe5+ 38.Kxg4 Kg7 39.Qd2 f5+ 40.Kf3 Rh8 41.h4 Rd8 42.h5 Qe7 43.hxg6 Kxg6
44.Rd6+ Kf7 45.Qd5+ Kg7 46.Re6 Qg5 47.Ke2 Qg4+ 48.Kd2 Qf4+ 49.Kd1 Qg4+ 50.Kc2 Qg5
51.Re8 Kh6 52.Qe6+ Kh5 53.Qe2+ Kh6 54.Qe6+ Kh5 55.Rxd8 Qg2+ 56.Kc3 Qg3+ 57.Kd2 Qf4+
58.Qe3 Qd6+ 59.Kc1 Qc6+ 60.Kb1 Qh1+ 61.Kb2 Qh2+ 62.Ka3 Qd6+ 63.b4  1-0

[Event "FSIMA August"]
[Site "Budapest HUN"]
[Date "2002.08.06"]
[Round "4"]
[White "Petran,Pa"]
[Black "Boguszlavszkij,J"]
[Result "1/2-1/2"]
[WhiteElo "2364"]
[BlackElo "2247"]

1.c4 e6 2.Nf3 d5 3.g3 c6 4.Qc2 Bd6 5.Bg2 Na6 6.a3 dxc4 7.Qxc4 e5 8.d3 h6
9.Nbd2 Nf6 10.O-O O-O 11.b3 Re8 12.Bb2 Bf5 13.Nh4 Bd7 14.Rfd1 Rc8 15.Qc2 Bb8
16.Nc4 b5 17.Ne3 Qb6 18.d4 e4 19.b4 Nc7 20.Nhf5 Ncd5 21.Qc5 Nxe3 22.Nxe3 Be6
23.Rac1 Nd5 24.Qxb6 axb6 25.Bxe4 Nxe3 26.fxe3 Bd7 27.Bf3 Rxe3 28.Rd2 f5 29.Rdc2 Rce8
30.Rd1 f4 31.Bc1 Rxf3 32.exf3 fxg3 33.hxg3 Bxg3 34.Rg2 Bh4 35.Bxh6 Bf6 36.Bg5 Bh3
37.Rg3 Bxg5 38.Rxg5 Rd8 39.Kf2 Be6 40.Re1 Kf7 41.Reg1 Rg8 42.Rg6 Bd5 43.Ke3 Ra8
44.Rxg7+ Kf8 45.Kf4 Rxa3 46.R1g3 Rb3 47.Rb7 Rxb4 48.Ke5 Rb3 49.Kf6 Re3 50.Rb8+ Re8
51.Rxe8+ Kxe8 52.f4 b4 53.Re3+ Kd7 54.Ke5 Bf7 55.Rh3 b3 56.Rh2 c5 57.dxc5 bxc5
58.Ke4 Kc6 59.Kd3 Kd5 60.Re2 Kd6 61.f5 c4+ 62.Kc3 Kd7 63.f6 Be6 64.Re1 Kd6
65.Rd1+ Ke5 66.Rf1 Bf7 67.Rf2 Kd6 68.Re2 Be6 69.Kd4 Kd7 70.Re5 Kd6 71.Rh5 Kc6
72.Rh4 Bf7 73.Rh8 Kd7 74.Rb8 Kc7 75.Rb5 Kc6 76.Re5 Kd6 77.Re7 b2 78.Rb7 Ke6
79.Kxc4 Kxf6+ 80.Kd4 Be6 81.Rxb2 Bf7 82.Rf2+ Kg7 83.Ke5 Bg6 84.Rb2 Bd3 85.Rb6 Bc2
86.Rf6 Bd3 87.Ke6 Bc4+ 88.Ke7 Bd3 89.Rf3 Bc2 90.Rg3+ Kh8 91.Kf6 Bh7 92.Re3 Bg8  1/2-1/2

[Event "XII Open"]
[Site "Pobla de Lillet ESP"]
[Date "2002.08.08"]
[Round "7"]
[White "Bautista Sanchez,J"]
[Black "Arias Castanedo,J"]
[Result "1/2-1/2"]
[WhiteElo "2217"]
[BlackElo "2037"]

1.c4 e6 2.Nf3 d5 3.e3 Nf6 4.Nc3 Be7 5.b3 O-O 6.Bb2 c5 7.cxd5 exd5 8.d4 b6
9.Be2 Bb7 10.O-O Nbd7 11.Rc1 Rc8 12.Rc2 a6 13.dxc5  1/2-1/2

[Event "Open"]
[Site "Padron ESP"]
[Date "2002.08.29"]
[Round "8"]
[White "Sande Edreira,J"]
[Black "Salgado Lopez,I"]
[Result "1/2-1/2"]
[WhiteElo "2216"]
[BlackElo "2163"]

1.c4 e6 2.Nf3 d5 3.b3 c6 4.Bb2 Nf6 5.g3 Nbd7 6.Bg2 Be7 7.O-O O-O 8.d3 Re8
9.Nc3 b6 10.e4 dxe4 11.dxe4 e5 12.Qc2 Ba6 13.Ne2 Qc7 14.Nc1 Bf8 15.Nd3 g6
16.Rfe1 c5 17.Nd2 Bg7 18.Nb1 Rad8 19.Nc3 Nf8 20.Nd5 Nxd5 21.exd5 f6 22.f3 Nd7
23.Re2 Re7 24.Rae1 Rde8 25.a4 Qd6 26.Bc3 Bb7 27.Qb2 a5  1/2-1/2

[Event "21st NAO"]
[Site "Las Vegas USA"]
[Date "2002.08.31"]
[Round "4"]
[White "Donaldson,J"]
[Black "Baburin,A"]
[Result "1/2-1/2"]
[WhiteElo "2437"]
[BlackElo "2580"]

1.c4 e6 2.Nf3 d5 3.d4 dxc4 4.e3 a6 5.Bxc4 c5 6.O-O Nf6 7.dxc5 Qxd1 8.Rxd1 Bxc5
9.Nbd2 Nbd7 10.b3 b5  1/2-1/2

[Event "New York State-ch"]
[Site "Kerhonkson USA"]
[Date "2002.09.01"]
[Round "3"]
[White "Frumkin,E"]
[Black "Ross,L"]
[Result "0-1"]
[WhiteElo "2070"]
[BlackElo "2100"]

1.c4 e6 2.Nf3 d5 3.g3 Nf6 4.Bg2 c5 5.O-O Nc6 6.b3 Bd6 7.Bb2 d4 8.e3 e5 9.exd4 cxd4
10.Re1 O-O 11.d3 Nd7 12.Na3 Re8 13.Nc2 a5 14.Qd2 Nc5 15.Nfxd4 Nxd4 16.Nxd4 exd4
17.Rxe8+ Qxe8 18.Bxd4 Qd8 19.Re1 Be6 20.Bc3 Ra7 21.d4 Nd7 22.d5 Bf5 23.Qd4 Qf6
24.Re8+ Bf8 25.Qe3 Qa6 26.Qg5 Bg6 27.Qe7 Bf5 28.Qd8 Qh6 29.Bxa5 Qc1+ 30.Re1 Qa3
31.Bc3 Qxa2 32.Qg5 Bg6 33.Bh3 Bc5 34.Re8+ Nf8 35.Qe5 Qxf2+  0-1

[Event "ch-RUS"]
[Site "Krasnodar RUS"]
[Date "2002.09.02"]
[Round "7"]
[White "Poluljahov,A"]
[Black "Galkin,A"]
[Result "1-0"]
[WhiteElo "2512"]
[BlackElo "2572"]

1.c4 e6 2.Nf3 d5 3.b3 Nf6 4.Bb2 b6 5.g3 Bb7 6.Bg2 Bd6 7.cxd5 exd5 8.Nh4 O-O
9.Nf5 Bc5 10.d4 Bb4+ 11.Bc3 a5 12.a3 Bxc3+ 13.Nxc3 g6 14.Ne3 c6 15.O-O Qd6
16.Nc2 Nbd7 17.Qd2 Rfe8 18.Rfd1 Kg7 19.Ne1 Ne4 20.Nxe4 dxe4 21.Nc2 Nf6 22.Ne3 Nd5
23.Nc4 Qe6 24.e3 f6 25.Rac1 Ba6 26.Qc2 Rac8 27.Bf1 c5 28.Qb2 Bb7 29.Rd2 Kh6
30.Rcd1 f5 31.dxc5 Rxc5 32.Rd4 Rec8 33.b4 axb4 34.axb4 R5c7 35.R1d2 Ba8 36.Na3 f4
37.exf4 Nxf4 38.Rd1  1-0

[Event "It"]
[Site "Tula RUS"]
[Date "2002.09.04"]
[Round "1"]
[White "Arbakov,V"]
[Black "Gusev,Al"]
[Result "1-0"]
[WhiteElo "2445"]
[BlackElo "2412"]

1.c4 e6 2.Nf3 d5 3.b3 Nf6 4.Bb2 Be7 5.e3 O-O 6.d4 c5 7.Bd3 b6 8.O-O Bb7 9.Nbd2 cxd4
10.exd4 Nc6 11.Rc1 Rc8 12.Qe2 Re8 13.Rfd1 Bf8 14.Nf1 g6 15.Bb1 Bg7 16.Ng3 Ne7
17.Ne5 Nf5 18.c5 Rc7 19.b4 Qc8 20.c6 Ba8 21.b5 Nd6 22.a4 a6 23.Ba3 Rd8 24.Bd3 Nfe4
25.Nxe4 dxe4 26.Bxe4 Nxe4 27.Qxe4 axb5 28.axb5 Rd5 29.Rb1 Ra7 30.Nc4 Qd8
31.Kh1 h6 32.h3 Ra4 33.Qc2 Ra7 34.Qb3 Rxd4 35.Bb2  1-0

[Event "FSIMA Sept"]
[Site "Budapest HUN"]
[Date "2002.09.08"]
[Round "2"]
[White "Le Dinh Tuan"]
[Black "Banusz,T"]
[Result "1/2-1/2"]
[WhiteElo "2361"]
[BlackElo "2249"]

1.c4 e6 2.Nf3 d5 3.b3 Nf6 4.Bb2 Be7 5.g3 O-O 6.Bg2 Nbd7 7.O-O c6 8.d3 b6
9.Nbd2 Bb7 10.Qc2 Rc8 11.e4 c5 12.Rfe1 d4 13.Re2 e5 14.Bh3 Qc7 15.Rf1 Rce8
16.Bc1 Nb8 17.Nh4 Nc6 18.Ndf3 Bd8 19.Qd1 Bc8 20.Bxc8 Qxc8 21.Kg2 a6 22.Nf5 Qd7
23.Bd2 g6 24.Nh6+ Kh8 25.h3 Nh5 26.Rfe1 Ng7 27.Ng4 f6 28.Bh6 Rf7 29.Bxg7+ Kxg7
30.Qc1 Be7 31.Nh6 Rff8 32.Nh2 Bd6  1/2-1/2

[Event "Poyntner Mem GM"]
[Site "St Poelten AUT"]
[Date "2002.09.10"]
[Round "6"]
[White "Lau,R"]
[Black "Haba,P"]
[Result "1-0"]
[WhiteElo "2491"]
[BlackElo "2531"]

1.c4 e6 2.Nf3 d5 3.b3 Nf6 4.g3 Be7 5.Bg2 O-O 6.O-O b6 7.d4 Bb7 8.Nc3 Qc8
9.cxd5 Nxd5 10.Nxd5 Bxd5 11.Qc2 Qb7 12.e4 Bc6 13.Re1 Na6 14.a3 Rad8 15.Bb2 Bb5
16.Rad1 f6 17.e5 Qc8 18.d5 Rxd5 19.Rxd5 exd5 20.Nd4 c6 21.Nxb5 cxb5 22.Bxd5+ Kh8
23.Qxc8 Rxc8 24.exf6 Bxf6 25.Bxf6 gxf6 26.Bb7  1-0

[Event "TCh-CRO"]
[Site "Medulin CRO"]
[Date "2002.09.15"]
[Round "7"]
[White "Stohl,I"]
[Black "Dizdar,G"]
[Result "1/2-1/2"]
[WhiteElo "2556"]
[BlackElo "2525"]

1.c4 e6 2.Nf3 d5 3.g3 Nf6 4.Bg2 Be7 5.O-O O-O 6.d4 c6 7.Qc2 b6 8.Rd1 Bb7
9.b3 Na6 10.Nc3 Qc8 11.e4 dxe4 12.Nxe4 c5 13.Nfg5 Nxe4 14.Bxe4 Nb4 15.Qe2 h6
16.Bxb7  1/2-1/2

[Event "European Seniors"]
[Site "Saint Vincent ITA"]
[Date "2002.10.04"]
[Round "7"]
[White "Csom,I"]
[Black "Kahn,Ma"]
[Result "1-0"]
[WhiteElo "2448"]
[BlackElo "2181"]

1.c4 e6 2.Nf3 d5 3.g3 Nf6 4.Bg2 Be7 5.O-O O-O 6.b3 c5 7.Bb2 Nc6 8.cxd5 Nxd5
9.Nc3 Bf6 10.Rc1 b6 11.Ba1 Nxc3 12.Bxc3 Bxc3 13.Rxc3 Ba6 14.d3 Rc8 15.Qd2 Qe7
16.Rfc1 Rfd8 17.Qb2 Qf6 18.a3 Nd4 19.Nxd4 Qxd4 20.b4 Rb8 21.bxc5 bxc5 22.Qc2 h6
23.Bf1 c4 24.dxc4 Qc5 25.Qe4 Rd4 26.Qc2 Rbd8 27.Qb3 Rc8 28.Qa4 Rd6 29.Bg2 Rb6
30.Bf3 Rc7 31.h4 g6 32.Re3 Bc8 33.Rd3 Rd6 34.Rcd1 Rxd3 35.Rxd3 Qxc4 36.Rd8+ Kg7
37.Qe8 Kf6 38.Qh8+ Ke7 39.Kg2 Bd7 40.Qf8+ Kf6 41.Qxh6 Bc6 42.Rd4 Qxe2 43.Qh8+  1-0

[Event "ch-ESP Open"]
[Site "Ayamonte ESP"]
[Date "2002.10.07"]
[Round "4"]
[White "Garcia Roman,D"]
[Black "Vilar Lopez,M"]
[Result "1-0"]
[WhiteElo "2390"]
[BlackElo "2159"]

1.c4 e6 2.Nf3 d5 3.d4 c5 4.cxd5 exd5 5.g3 Nf6 6.Bg2 Nc6 7.O-O Be7 8.Nc3 O-O
9.Bg5 c4 10.Ne5 Be6 11.e3 Nd7 12.Bxe7 Nxe7 13.f4 f6 14.Ng4 f5 15.Ne5 Nf6
16.b3 cxb3 17.Qxb3 Qd6 18.Rfc1 Rfc8 19.a4 Nc6 20.Qxb7 Rab8 21.Qa6 Rb6 22.Qe2 a5
23.Nb5 Qb4 24.Qa2 Qe7 25.Qa3 Qxa3 26.Rxa3 Ne4 27.Bxe4 dxe4 28.Rac3 Ne7 29.Rxc8+ Bxc8
30.Rc7 Rb7 31.Nc4 Rxc7 32.Nxc7 Bd7 33.Nb6 Bc8 34.Kf2 Kf8 35.Ke2 Bb7 36.Kd2 Nc8
37.Nxc8 Bxc8 38.Kc3 Bd7 39.Kb3 Ke7 40.Nd5+ Kd6 41.Nb6 Be6+ 42.Kc3 Kc7 43.Nc4 Bd7
44.Nxa5 Bxa4 45.d5 Kb6 46.Kb4  1-0

[Event "4th ZNG111 IM"]
[Site "Opatija CRO"]
[Date "2002.10.07"]
[Round "5"]
[White "Bistric,F"]
[Black "Glavas,D"]
[Result "1-0"]
[WhiteElo "2484"]
[BlackElo "2252"]

1.c4 e6 2.Nf3 d5 3.d4 c6 4.Qc2 f5 5.Bf4 Nf6 6.e3 Nbd7 7.h3 Bb4+ 8.Nbd2 O-O
9.a3 Be7 10.Be2 Ne4 11.Nxe4 fxe4 12.Nd2 Nf6 13.c5 Nd7 14.O-O e5 15.Bxe5 Nxe5
16.dxe5 Bh4 17.f4 Bg3 18.Nxe4 Bf5 19.Bd3 Bxe4 20.Bxe4 dxe4 21.Rad1 Qe7 22.Rd6 h5
23.Qxe4 h4 24.Rfd1 Qf7 25.e6 Qh5 26.e7 Rfe8 27.Rd8 Qe2 28.Qf3 Qxf3 29.gxf3 Kf7
30.Rxa8 Rxe7 31.Rd3 a6 32.Rad8  1-0

[Event "ch-ESP Open"]
[Site "Ayamonte ESP"]
[Date "2002.10.09"]
[Round "6"]
[White "Garcia Roman,D"]
[Black "Garcia Vicente,N"]
[Result "1/2-1/2"]
[WhiteElo "2390"]
[BlackElo "2241"]

1.c4 e6 2.Nf3 d5 3.d4 Nf6 4.Bg5 Bb4+ 5.Nc3 h6 6.Bxf6 Qxf6 7.e3 O-O 8.Rc1 Nd7
9.cxd5 exd5 10.a3 Bxc3+ 11.Rxc3 c6 12.Bd3 Re8 13.O-O Nf8 14.Ne5 Bf5 15.Qf3 Bxd3
16.Qxf6 gxf6 17.Nxd3 Ne6 18.b4 a5 19.Rb1 axb4 20.axb4 Nc7 21.Nf4 Kg7 22.h4 f5
23.g3 Nb5 24.Rc5 Red8 25.Ne2 Ra3 26.Rbc1 Rb3 27.Nc3 Nxc3  1/2-1/2

[Event "TCh-SWE"]
[Site "Helsingborg SWE"]
[Date "2002.10.11"]
[Round "1"]
[White "Burwick,M"]
[Black "Jepson,C"]
[Result "1/2-1/2"]
[WhiteElo "2239"]
[BlackElo "2412"]

1.c4 e6 2.Nf3 d5 3.b3 Nf6 4.Bb2 Be7 5.g3 O-O 6.Bg2 c5 7.O-O Nc6 8.cxd5 exd5
9.d4 Ne4 10.dxc5 Bxc5 11.e3 Bg4 12.Nc3 Nxc3 13.Bxc3 Re8 14.Rc1 d4 15.exd4  1/2-1/2

[Event "6th Final RUS Cup"]
[Site "Nefteyugansk RUS"]
[Date "2002.10.13"]
[Round "10"]
[White "Prokopchuk,E"]
[Black "Skatchkov,P"]
[Result "0-1"]
[WhiteElo "2513"]
[BlackElo "2471"]

1.c4 e6 2.Nf3 d5 3.e3 Nf6 4.Nc3 c6 5.Qc2 Nbd7 6.b3 Bd6 7.Bb2 O-O 8.Be2 Re8
9.h3 b6 10.g4 e5 11.g5 Ne4 12.cxd5 cxd5 13.Nxe4 dxe4 14.Qxe4 Rb8 15.d4 Bb7
16.Qg4 exd4 17.Qxd4 Ne5 18.O-O-O Qc8+ 19.Kb1 Qf5+ 20.Ka1 Bc5 21.Qxe5 Rxe5
22.Nxe5 Bxh1 23.Rxh1 Rd8 24.Bc4 Qc2 25.a4 Ba3 26.Bxf7+ Kh8  0-1

[Event "Olympiad"]
[Site "Bled SLO"]
[Date "2002.10.28"]
[Round "3"]
[White "Aderito,P"]
[Black "Al Tamimi,H"]
[Result "1-0"]
[WhiteElo "2262"]
[BlackElo "2169"]

1.c4 e6 2.Nf3 d5 3.g3 Nf6 4.Bg2 Be7 5.O-O O-O 6.d4 c6 7.Nc3 Nbd7 8.Qc2 b6
9.Rd1 Ba6 10.Nd2 b5 11.b3 Rc8 12.e4 b4 13.Na4 Nb6 14.Nc5 Bxc5 15.dxc5 Nbd7
16.a3 bxa3 17.Rxa3 Bb7 18.b4 a6 19.Bb2 Qe7 20.Re1 Rfd8 21.h3 h6 22.g4 Nf8
23.Be5 Ne8 24.Bg3 Ng6 25.f4 Rd7 26.f5 Nf8 27.Nf3 Rdd8 28.Bh4 f6 29.e5 Qf7
30.Qe2 Nc7 31.exf6 gxf6 32.Qe3 Kg7 33.Rf1 exf5 34.Nd4  1-0

[Event "Open"]
[Site "Le Touquet FRA"]
[Date "2002.10.28"]
[Round "3"]
[White "Kohlweyer,B"]
[Black "Giffard,N"]
[Result "1-0"]
[WhiteElo "2450"]
[BlackElo "2303"]

1.c4 e6 2.Nf3 d5 3.d4 c6 4.Qc2 f5 5.Bf4 Nf6 6.e3 Bd6 7.Nc3 O-O 8.Bd3 Bxf4
9.exf4 dxc4 10.Bxc4 Nd5 11.g3 b5 12.Bxd5 exd5 13.O-O Bd7 14.Rfe1 Be8 15.a4 b4
16.Na2 Qd6 17.Nc1 Na6 18.Nb3 Bh5 19.Ne5 Rac8 20.Rac1 Rf6 21.Qd3 Nb8 22.Nc5 h6
23.Qd2 a5 24.Nb3 Qd8 25.Rc5 Be8 26.Rxa5 Qb6 27.Rc5 Na6 28.Rcc1 Ra8 29.Nd3 Rb8
30.Nbc5  1-0

[Event "Olympiad"]
[Site "Bled SLO"]
[Date "2002.10.29"]
[Round "4"]
[White "Abdulaziz,M"]
[Black "Maynard,F"]
[Result "1-0"]
[WhiteElo "2134"]
[BlackElo "2276"]

1.c4 e6 2.Nf3 d5 3.g3 Nf6 4.Bg2 c6 5.O-O Nbd7 6.b3 Bd6 7.d4 O-O 8.Bb2 Qe7
9.Nc3 Re8 10.Qc2 b6 11.e4 Nxe4 12.Nxe4 dxe4 13.Qxe4 Bb7 14.Rad1 Nf6 15.Qc2 Rad8
16.Ng5 h6 17.Ne4 Nxe4 18.Bxe4 c5 19.dxc5 Bxe4 20.Qxe4 Bxc5 21.Qg4 f6 22.Bd4 f5
23.Bxc5 bxc5 24.Qf4 Qf7 25.Qe5 Qe7 26.Rfe1 Kf7 27.a3 a6 28.Rxd8 Rxd8 29.b4 Rd4
30.b5 Rxc4 31.b6 Re4 32.Rxe4 fxe4 33.Qxe4 Ke8 34.Qa8+ Qd8 35.Qc6+ Qd7 36.Qxc5 Qd1+
37.Kg2 Qb3 38.Qc6+ Kf7 39.Qa8 Qf3+  1-0

[Event "2nd Rohde Open"]
[Site "Sautron FRA"]
[Date "2002.10.30"]
[Round "5"]
[White "Andonov,B"]
[Black "Legky,N"]
[Result "1/2-1/2"]
[WhiteElo "2348"]
[BlackElo "2503"]

1.c4 e6 2.Nf3 d5 3.g3 dxc4 4.Bg2 a6 5.Ne5 Qd4 6.f4 f6 7.e3 Qc5 8.b4 cxb3
9.axb3 fxe5 10.Ba3 Qb5 11.Nc3 Qd7 12.Bxf8 Kxf8 13.fxe5 g6 14.O-O+ Kg7 15.Qf3 Qe7
16.Ne4 Nd7 17.d4 Nh6 18.g4 Rf8 19.Qh3 Rxf1+ 20.Rxf1 a5 21.Nf6 Nf8 22.Qh4 Ng8
23.g5 a4 24.d5 exd5 25.e6 Kh8 26.Nxd5 Qg7 27.Rf7 Qa1+ 28.Rf1 Qg7 29.Rf7 Qa1+  1/2-1/2

[Event "10th Chigorin Mem"]
[Site "St Petersburg RUS"]
[Date "2002.11.01"]
[Round "7"]
[White "Iskusnyh,S"]
[Black "Frolyanov,D"]
[Result "0-1"]
[WhiteElo "2492"]
[BlackElo "2433"]

1.c4 e6 2.Nf3 d5 3.d4 c6 4.e3 Bd6 5.Bd3 f5 6.O-O Nf6 7.b3 O-O 8.Ba3 Bxa3
9.Nxa3 Qe7 10.Qc1 Ne4 11.Qb2 b6 12.b4 Nd7 13.c5 Rb8 14.Qc2 a5 15.Rab1 axb4
16.Rxb4 Ra8 17.Ra4 Rxa4 18.Qxa4 bxc5 19.Qxc6 c4 20.Bb1 Qxa3 21.Qxe6+ Kh8
22.Qxd5 Ndf6 23.Qxc4 Ba6 24.Qc1 Qb4 25.Re1 Rc8 26.Qd1 Qb2 27.Ne5 Qxf2+ 28.Kh1 Bb7
29.Re2 Qxe2  0-1

[Event "10th Chigorin Mem"]
[Site "St Petersburg RUS"]
[Date "2002.11.01"]
[Round "7"]
[White "Yagupov,I"]
[Black "Geller,J"]
[Result "0-1"]
[WhiteElo "2468"]
[BlackElo "2433"]

1.c4 e6 2.Nf3 d5 3.e3 Nf6 4.Nc3 c6 5.b3 Bd6 6.Bb2 O-O 7.Qc2 c5 8.cxd5 exd5
9.d4 cxd4 10.Nxd4 Nc6 11.Nxc6 bxc6 12.Be2 Re8 13.O-O Ng4 14.h3 Qh4 15.Nd1 c5
16.Bf3 Be6 17.Re1 Nh2 18.Qe2 Rad8 19.Nc3 d4 20.exd4 Bd7 21.Be4 cxd4 22.Nb5 Bxb5
23.Qxb5 Rxe4 24.Qc6 Nf3+ 25.gxf3 Qxh3 26.Qxd6 Rxd6 27.Rxe4 Rg6+  0-1

[Event "Olympiad w"]
[Site "Bled SLO"]
[Date "2002.11.02"]
[Round "8"]
[White "Tetenkina,I"]
[Black "Macek,V"]
[Result "1/2-1/2"]
[WhiteElo "2251"]
[BlackElo "2222"]

1.c4 e6 2.Nf3 d5 3.g3 Nf6 4.Bg2 dxc4 5.Qa4+ c6 6.Qxc4 b5 7.Qc2 Bb7 8.O-O Nbd7
9.d4 Rc8 10.a4 a6 11.e4 Be7 12.Nbd2 c5 13.axb5 axb5 14.e5 Nd5 15.Qe4 Qb6
16.Qg4 g6 17.dxc5 Nxc5 18.h4 h5 19.Qd4 O-O 20.b4 Na4 21.Nb3 Bxb4 22.Ba3 Bxa3
23.Rxa3 Qxd4 24.Nbxd4 Nac3 25.Ra7 Rb8 26.Nd2 Rfc8 27.N2b3 Rc4 28.Rfa1 Ra4
29.R1xa4 bxa4 30.Nc5 Bc8 31.Nxa4 Rb1+ 32.Kh2 Nxa4  1/2-1/2

[Event "Olympiad"]
[Site "Bled SLO"]
[Date "2002.11.04"]
[Round "9"]
[White "Forster,R"]
[Black "Hoelzl,F"]
[Result "1-0"]
[WhiteElo "2460"]
[BlackElo "2372"]

1.c4 e6 2.Nf3 d5 3.d4 Nf6 4.Nc3 dxc4 5.e4 Bb4 6.e5 Nd5 7.Bd2 Nb6 8.Bg5 Qd5
9.Be2 h6 10.Be3 Bxc3+ 11.bxc3 Bd7 12.h4 Ba4 13.Qc1 Bc6 14.Rh3 Qa5 15.Rg3 g6
16.Kf1 h5 17.Ng5 N8d7 18.Qc2 Nf8 19.a4 Rd8 20.Bc1 Rd7 21.Ba3 Qxa4 22.Qc1 Qb5
23.Bxf8 Rxf8 24.Nh7 Rh8 25.Nf6+ Kd8 26.Rxa7 Re7 27.Qa1 Nc8 28.Ra5 Qb3 29.Bd1 Qb6
30.Ra8 Bd7 31.Kg1 c6 32.Be2 Be8 33.Qa3 Rd7 34.Rxc8+ Kxc8 35.Qa8+ Kc7 36.Nxe8+ Rxe8
37.Qxe8 Qb1+ 38.Bf1 c5 39.Qf8 b6 40.Rf3 cxd4 41.Rxf7 Rxf7 42.Qxf7+ Kb8 43.Qe8+ Kc7
44.Qe7+ Kb8 45.Qd8+ Kb7 46.Qd7+  1-0

[Event "Olympiad w"]
[Site "Bled SLO"]
[Date "2002.11.04"]
[Round "9"]
[White "Ostry,I"]
[Black "Fierro Baquero,M"]
[Result "0-1"]
[WhiteElo "2232"]
[BlackElo "2384"]

1.c4 e6 2.Nf3 d5 3.e3 c6 4.Be2 f5 5.O-O Nf6 6.b3 Bd6 7.Bb2 O-O 8.Ne5 Nbd7
9.f4 Qe7 10.a3 a5 11.d3 Bc7 12.Nd2 Bb6 13.d4 Ne4 14.Nxe4 fxe4 15.Nxd7 Bxd7
16.c5 Bc7 17.b4 Kh8 18.g3 g5 19.Qd2 gxf4 20.exf4 Qg7 21.Kh1 Qg6 22.Bd1 h5
23.Qe2 Be8 24.Bc3 Qh6 25.Bc2 Bg6 26.Qe3 h4 27.Kg1 Rf7 28.Kg2 Rg8 29.Bd2 Bf5
30.Rg1 Rfg7 31.Kf1 hxg3 32.h4 Qxh4 33.Ke1 Qh2 34.Rf1 Bh3 35.Qe2 Bxf1  0-1